Muhabbat-E-Janbazana (Record no. 3257)

MARC details
000 -LEADER
fixed length control field 00584nam a2200241 a 4500
020 ## - INTERNATIONAL STANDARD BOOK NUMBER
ISBN
082 00 - DEWEY DECIMAL CLASSIFICATION NUMBER
Classification number 232.96
Author Cutter JON
100 ## - MAIN ENTRY--AUTHOR NAME
Author name Jones, E Stanley
245 ## - TITLE STATEMENT
Title Muhabbat-E-Janbazana
260 ## - PUBLICATION, DISTRIBUTION, ETC. (IMPRINT)
Place of publication Tehran
Name of publisher Brukhim Press
Year of publication 1936
300 ## - PHYSICAL DESCRIPTION
Number of Pages 54p
500 ## - GENERAL NOTE
General note includes index and biblioraphy
505 2# - FORMATTED CONTENTS NOTE
Formatted contents note Hand Written Manuscript
650 ## - SUBJECT ADDED ENTRY--TOPICAL TERM
Topical Term Jesus Christ-Death
942 ## - ADDED ENTRY ELEMENTS (KOHA)
Koha item type Books
700 1# -
-- Jones, E Stanley
Holdings
Home library Current library Shelving location Date acquired Cost, normal purchase price Full call number Accession Number Koha item type
Henry Martyn Institute Library Henry Martyn Institute Library General stacks 06/19/2007 100.00 232.96 JON 5049 Archive Book
                   Copyright © 2026 | Henry Martyn Institute | Hyderabad | TS-500052 | INDIA | Implemented by hmi.edu.in
Hit-Count:

Powered by Koha